Právo na inú právnu ochranu

Podrobná bibliografia
Hlavný autor: Feťková, Gabriela (Autor)
Médium: Článok
Jazyk:slovenčina
ISSN:1335-6461
Predmet:

MARC

LEADER 00000nab a2200000 a 4500
001 vtls009515330
003 SK-MaSNL
005 20260304151915.0
008 250506c2009 xo mr|p|||||||000 b|slo
015 |a SNBRB2009/05  |2 snkbucl 
035 |a (uuid)dded5ae2-5dd5-474a-89c8-3f59b0236d41 
035 |a urn:nbn:sk:snk-ab14fl 
035 |a (urnnbn)urn:nbn:sk:snk:ar-003k4y 
038 |a SNKBUCL 
040 |a SNKBUCL  |b slo  |c SNKBUCL  |e AACR2 
041 0 |a slo 
044 |a xo  |c SK 
080 |a 347.921.8  |2 2001 
100 1 |a Feťková, Gabriela  |4 aut  |9 741453 
245 1 0 |a Právo na inú právnu ochranu  |c Gabriela Feťková 
650 0 7 |a právna ochrana  |2 snkbucl  |9 407609 
650 0 7 |a zmena právnej ochrany  |2 snkbucl  |9 1473669 
773 0 |t Justičná revue  |g Roč. 61, č. 3 (2009), s. 434-445  |x 1335-6461 
850 |a Slovenská národná knižnica 
852 |a Slovenská národná knižnica 
954 |a odborná, vedecká literatúra pôvodná (slovenská)  |2 lita 
958 |a article27 
958 |a OND 
958 |a SK 
958 |a EUIPO 
999 |c 2946340  |d 2948270